Memoria de la gestión de la Caja Nacional de Seguro de Accidentes del Trabajo y de los Fondos especiales de Garantía durante el año 1933. (Record no. 125046)

MARC details
000 -LEADER
campo de control de longitud fija 00845nam a2200205 i 4500
001 - NÚMERO DE CONTROL
campo de control 125046
003 - IDENTIFICADOR DE NÚMERO DE CONTROL
campo de control ES-MaACL
005 - FECHA Y HORA DE LA ÚLTIMA TRANSACCIÓN
campo de control 20250826081426.0
007 - CAMPO FIJO DE DESCRIPCIÓN FÍSICA--INFORMACIÓN GENERAL
campo de control de longitud fija t|
008 - DATOS DE LONGITUD FIJA--INFORMACIÓN GENERAL
campo de control de longitud fija 070427s1934 sp |||| | spa d
110 2# - ENTRADA PRINCIPAL--NOMBRE DE ENTIDAD CORPORATIVA
Nombre de entidad corporativa o nombre de jurisdicción como elemento de entrada Instituto Nacional de Previsión (España)
9 (RLIN) 5180
245 10 - MENCIÓN DEL TÍTULO
Título Memoria de la gestión de la Caja Nacional de Seguro de Accidentes del Trabajo y de los Fondos especiales de Garantía durante el año 1933.
300 ## - DESCRIPCIÓN FÍSICA
Extensión 21 p. ;
Dimensiones 24 cm.
490 1# - MENCIÓN DE SERIE
Mención de serie Publicaciones del Instituto Nacional de Previsión ;
Designación de volumen o secuencia 413
500 ## - NOTA GENERAL
Nota general Precede al tít.: Caja Nacional de Seguro de Accidentes del Trabajo.
610 20 - PUNTO DE ACCESO ADICIONAL DE MATERIA--NOMBRE DE ENTIDAD CORPORATIVA
Nombre de entidad corporativa o nombre de jurisdicción como elemento de entrada Caja Nacional de Seguro de Accidentes del Trabajo
9 (RLIN) 186626
830 0# - PUNTO DE ACCESO ADICIONAL DE SERIE-TÍTULO UNIFORME
Título uniforme Publicaciones del Instituto Nacional de Previsión ;
Designación de volumen o secuencia 413
9 (RLIN) 181151
852 ## - LOCALIZACIÓN
Ubicación ES-MaACL
Número de control de estantería C-12642(11)
Holdings
Estatus retirado Estado de pérdida Estado de daño No para préstamo Biblioteca de origen Biblioteca actual Ubicación en estantería Fecha de adquisición Fuente de adquisición Total de préstamos Signatura topográfica completa Código de barras Visto por última vez Precio de reemplazo Tipo de ítem Koha
        Biblioteca del Ateneo de Madrid Biblioteca del Ateneo de Madrid Sala Palomar 17/01/2008     C-12642(11) 1130279 23/02/2023 23/02/2023 Libro impreso